Introduction to Electromagnetics (Record no. 1072)

MARC details
000 -LEADER
fixed length control field 00310nam a2200121Ia 4500
008 - FIXED-LENGTH DATA ELEMENTS--GENERAL INFORMATION
fixed length control field 191201s2006 xx 000 0 und d
100 ## - MAIN ENTRY--PERSONAL NAME
Personal name Shah, K K
245 #0 - TITLE STATEMENT
Title Introduction to Electromagnetics
260 ## - PUBLICATION, DISTRIBUTION, ETC. (IMPRINT)
Place of publication, distribution, etc N.Delhi
Name of publisher, distributor, etc Dhanpat Rai Pubns (P) Ltd
Date of publication, distribution, etc 2006
300 ## - PHYSICAL DESCRIPTION
Extent 570
650 ## - SUBJECT ADDED ENTRY--TOPICAL TERM
Topical term or geographic name as entry element B.Tech(ECE)
942 ## - ADDED ENTRY ELEMENTS (KOHA)
Source of classification or shelving scheme Dewey Decimal Classification
Koha item type Text Books
Holdings
Withdrawn status Lost status Source of classification or shelving scheme Damaged status Not for loan Collection code Home library Current library Date acquired Source of acquisition Cost, normal purchase price Bill Number Total Checkouts Full call number Acc. no. / Barcode Date last seen Bill Date Koha item type Date last borrowed
    Dewey Decimal Classification     B.Tech(ECE) PIET C-LIBRARY PIET C-LIBRARY 10/08/2006 UDH, Delhi 160.00 CM 4732   621.34 SHI 1330 04/12/2019 22/08/2005 Text Books  
    Dewey Decimal Classification     B.Tech(ECE) PIET C-LIBRARY PIET C-LIBRARY 10/08/2006 UDH, Delhi 160.00 CM 4732 1 621.34 SHI 1331 16/05/2024 22/08/2005 Text Books 08/05/2024
    Dewey Decimal Classification     B.Tech(ECE) PIET C-LIBRARY PIET C-LIBRARY 10/08/2006 UDH, Delhi 160.00 CM 4732   621.34 SHI 1332 04/12/2019 22/08/2005 Text Books  
    Dewey Decimal Classification     B.Tech(ECE) PIET C-LIBRARY PIET C-LIBRARY 10/08/2006 UDH, Delhi 160.00 CM 4732   621.34 SHI 1333 04/12/2019 22/08/2005 Text Books  

Design & Developed by: PIET Central Library
R70 Miles Stone Pattikalyana Samalkha Panipat 132102
mail ID :- [email protected], Phone No:- 0180-2569700 Ex.216